As 20 Maiores Cidades da Tailândia - Statistics

Estatísticas Gerais
  • Esse quiz foi jogado 7 vezes
  • A pontuação média é 3 de 20
Estatísticas das Respostas
População Cidade % Correto
5,66 mi Bangkok
100%
79 mil Phuket
57%
127 mil Chiang Mai
43%
119 mil Pattaya
43%
156 mil Hat Yai
14%
114 mil Khon Kaen
14%
126 mil Nakhon Ratchasima
14%
132 mil Surat Thani
14%
100 mil Bang Mueang
0%
120 mil Bang Pu
0%
143 mil Chaophraya Surasak
0%
88 mil Laem Chabang
0%
82 mil Nakhon Sawan
0%
102 mil Nakhon Si Thammarat
0%
85 mil Nong Prue
0%
254 mil Nonthaburi
0%
190 mil Pak Kret
0%
85 mil Rangsit
0%
78 mil Tha Khlong
0%
130 mil Udon Thani
0%
Nenhum quiz correspondente encontrado
Distribuição das Pontuações
Porcentagem de Pessoas com Cada Pontuação
Percentil de Números Respondidos
Sua Pontuação Histórica
Você não jogou esse quiz